MARC

LEADER 00000nam0a2200000 4500
001 283608
005 20231101235619.0
035 |a (RuTPU)RU\TPU\book\307731 
090 |a 283608 
100 |a 20150209d1985 k y0rusy50 ca 
101 0 |a rus 
102 |a RU 
105 |a a z 001zy 
200 1 |a Разработка и расчет подстанций с емкостными делителями напряжения 110-750 кВ  |f В. Д. Юренков 
210 |a Москва  |c Энергоатомиздат  |d 1985 
215 |a 224 с.  |c ил. 
320 |a Библиогр.: с. 221 
606 |a Электрические подстанции  |x Аварии  |2 stltpush  |3 (RuTPU)RU\TPU\subj\27294  |9 51076 
610 1 |a делители напряжения 
610 1 |a нормальный режим 
610 1 |a расчетные соотношения 
610 1 |a нагрузки 
610 1 |a режимы напряжения 
610 1 |a провода 
610 1 |a тросы 
610 1 |a схемы 
610 1 |a аварийные режимы 
610 1 |a исследование 
610 1 |a возбуждение 
610 1 |a расчет 
610 1 |a асинхронные двигатели 
610 1 |a устойчивость 
675 |a 621.311.4  |v 3 
700 1 |a Юренков  |b В. Д.  |g Виктор Дмитриевич 
801 1 |a RU  |b 63413507  |c 20150209 
801 2 |a RU  |b 63413507  |c 20171116  |g RCR 
942 |c BK